00000000nam 2200000zi 4500
0019.940990
003CaOODSP
00520250122142553
006m     o  d f      
007cr mn|||||||||
008240724t20232023oncd    ob   f000 0 eng d
020 |a9780660729213
040 |aCaOODSP|beng|erda|cCaOODSP
043 |an-cn-qu
0861 |aCi34-11/2-2024E-PDF
24500|aPathways to permanent residency for English-speaking skilled temporary foreign workers - Quebec / |cResearch and Knowledge Mobilization Division.
264 1|a[Ottawa] : |bImmigration, Refugees and Citizenship Canada = Immigration, réfugiés et citoyenneté Canada, |cMarch 2023.
264 4|c©2023
300 |a1 online resource (41 pages) : |bcharts
336 |atext|btxt|2rdacontent
337 |acomputer|bc|2rdamedia
338 |aonline resource|bcr|2rdacarrier
500 |aIssued also in French under title: Parcours des travailleurs étrangers temporaires qualifiés d'expression anglaise vers la résidence permanente - Québec.
504 |aIncludes bibliographical references (pages 38-40).
650 0|aForeign workers|zQuébec (Province)
650 0|aImmigrants|zQuébec (Province)
650 0|aLinguistic minorities|zQuébec (Province)
651 0|aFrench-speaking countries|xEmigration and immigration.
7101 |aCanada. |bImmigration, Refugees and Citizenship Canada, |eissuing body.
77508|tParcours des travailleurs étrangers temporaires qualifiés d'expression anglaise vers la résidence permanente : |w(CaOODSP)9.940992
85640|qPDF|s806 MB|uhttps://publications.gc.ca/collections/collection_2025/ircc/Ci34-11-2-2024-eng.pdf
8564 |qHTML|sN/A|uhttps://www.canada.ca/en/immigration-refugees-citizenship/corporate/reports-statistics/research/pathways-to-permanent-residency-for-english-speaking-skilled-temporary-foreign-workers-quebec.html